An Introduction to Decision Theory.
Na minha lista:
| Autor principal: | |
|---|---|
| Formato: | Desconhecido |
| Idioma: | inglês |
| Publicado em: |
Cambridge, United Kingdom.
Cambridge University Press,
2017
|
| Edição: | Second Edition |
| Colecção: | Cambridge Introductions to Philosophy
|
| Assuntos: | |
| Tags: |
Adicionar Tag
Sem tags, seja o primeiro a adicionar uma tag!
|
MARC
| LEADER | 00000 a2200000 4500 | ||
|---|---|---|---|
| 003 | CL-VaPUC | ||
| 005 | 20211110082727.0 | ||
| 008 | 211019b2017 ||||| |||| 00| 0 eng d | ||
| 999 | |c 433682 |d 433680 | ||
| 020 | |a 9781316606209 | ||
| 040 | |c Pontificia Universidad Católica de Valparaíso | ||
| 082 | |a 519.542 PET 2017 | ||
| 100 | 1 | |a Peterson, Martin |9 863422 | |
| 245 | 1 | |a An Introduction to Decision Theory. | |
| 250 | |a Second Edition | ||
| 260 | |a Cambridge, United Kingdom. |b Cambridge University Press, |c 2017 | ||
| 300 | |a 339 páginas | ||
| 490 | |a Cambridge Introductions to Philosophy | ||
| 583 | |k Cristina María Rojas Aguilar |c 20211019 | ||
| 650 | 0 | |a Teoría de la decisión |9 357122 |x Estadística Bayesiana | |
| 650 | 0 | |a Toma de decisiones |9 332191 |x Modelos matemáticos | |
| 942 | |2 ddc |c BK | ||
| 952 | |0 0 |1 0 |2 ddc |4 0 |6 519_542000000000000_PET_2017 |7 0 |8 A |9 579007 |a BIBING |b BIBING |d 2021-10-19 |e 1 |g 38658.80 |i 5589282 |o 519.542 PET 2017 |p 5589282 |r 2025-01-20 |t 2 |v 38658.80 |w 2021-10-19 |y BK |k CCI | ||
| 952 | |0 0 |1 0 |2 ddc |4 0 |6 519_542000000000000_PET_2017 |7 0 |8 A |9 579008 |a BIBING |b BIBING |d 2021-10-19 |e 1 |g 38658.80 |i 5589290 |o 519.542 PET 2017 |p 5589290 |r 2025-01-20 |t 3 |v 38658.80 |w 2021-10-19 |y BK |k CCI | ||
| 952 | |0 0 |1 0 |2 ddc |4 0 |6 519_542000000000000_PET_2017 |7 0 |8 A |9 579009 |a BIBING |b BIBING |d 2021-10-19 |e 1 |g 38658.80 |i 5589274 |o 519.542 PET 2017 |p 5589274 |r 2025-01-20 |t 1 |v 38658.80 |w 2021-10-19 |y BK |k CCI | ||
| 952 | |0 0 |1 0 |2 ddc |4 0 |6 519_542000000000000_PET_2017 |7 0 |8 A |9 579010 |a BIBING |b BIBING |d 2021-10-19 |e 1 |g 38658.80 |i 5589304 |o 519.542 PET 2017 |p 5589304 |r 2025-01-20 |t 4 |v 38658.80 |w 2021-10-19 |y BK |k CCI | ||
| 952 | |0 0 |1 0 |2 ddc |4 0 |6 519_542000000000000_PET_2017 |7 0 |8 A |9 579011 |a BIBING |b BIBING |d 2021-10-19 |e 1 |g 38658.80 |i 5589312 |o 519.542 PET 2017 |p 5589312 |r 2025-01-20 |t 5 |v 38658.80 |w 2021-10-19 |y BK |k CCI | ||